[Event "Menorca op 3rd"]
[Site "Ciutadella de Menorca"]
[Date "2024.04.07"]
[Round "9"]
[White "Agmanov, Zhandos"]
[Black "Arizmendi Martinez, Julen Luis"]
[Result "1/2-1/2"]
[WhiteElo "2458"]
[BlackElo "2521"]
[PlyCount "58"]
[EventDate "2024.04.02"]
[EventType "swiss"]
[EventRounds "9"]
[EventCountry "ESP"]
[SourceTitle "CB15_2024"]
[SourceDate "2024.04.10"]
[SourceVersion "1"]
[SourceVersionDate "2024.04.10"]
[SourceQuality "1"]

1. e4 c6 2. Nf3 d5 3. Nc3 dxe4 4. Nxe4 Nf6 5. Qe2 Nxe4 6. Qxe4 Be6 7. b3 Nd7 8. Bb2 Nf6 9. Qa4 Bf5 10. Ne5 h5 11. 0-0-0 e6 12. f3 Nd5 13. a3 f6 14. Nd3 b5 15. Qd4 Qb6 16. Qxb6 axb6 17. c4 bxc4 18. bxc4 Bxd3 19. Bxd3 Nf4 20. Be4 Kd7 21. g3 Ne2+ 22. Kc2 Bxa3 23. Ba1 e5 24. d4 Nxd4+ 25. Bxd4 exd4 26. Rxd4+ Kc7 27. Rhd1 Rhd8 28. Rxd8 Rxd8 29. Rxd8 Kxd8 1/2-1/2

[Event "San Vicente op 8th"]
[Site "San Vicente"]
[Date "2024.03.28"]
[Round "3"]
[White "Boder, Jan"]
[Black "Agmanov, Zhandos"]
[Result "1/2-1/2"]
[WhiteElo "2328"]
[BlackElo "2458"]
[PlyCount "74"]
[EventDate "2024.03.27"]
[EventType "swiss"]
[EventRounds "9"]
[EventCountry "ESP"]
[SourceTitle "CB14_2024"]
[SourceDate "2024.04.01"]
[SourceVersion "1"]
[SourceVersionDate "2024.04.01"]
[SourceQuality "1"]

1. c4 Nf6 2. g3 e6 3. Nf3 d5 4. Bg2 Be7 5. d4 0-0 6. 0-0 c6 7. Nc3 a5 8. b3 b6 9. Qd3 Ba6 10. Rd1 b5 11. cxb5 cxb5 12. Nxb5 Nc6 13. a4 Nb4 14. Qb1 Bxb5 15. axb5 Qb6 16. Ne5 Qxb5 17. e3 Rfc8 18. Ba3 Rc3 19. Rc1 Rac8 20. Rxc3 Rxc3 21. Qd1 Nc2 22. Bxe7 Nxa1 23. Bf1 Qxb3 24. Qxa1 a4 25. Bxf6 gxf6 26. Nd7 a3 27. e4 Rf3 28. Qc1 Qb7 29. Nxf6+ Rxf6 30. e5 Rg6 31. Qxa3 Qb1 32. Qe3 Rg4 33. h3 Rg7 34. Kg2 Qe4+ 35. Qxe4 dxe4 36. Bb5 Kh8 37. Be8 Kg8 1/2-1/2

[Event "Titled Tuesday intern op 16th Jan Early"]
[Site "Chess.com INT"]
[Date "2024.01.16"]
[Round "9"]
[White "Agmanov, Zhandos"]
[Black "Kleiman, Jake"]
[Result "1-0"]
[WhiteElo "2461"]
[BlackElo "2399"]
[PlyCount "123"]
[EventDate "2024.01.16"]
[EventType "swiss (blitz)"]
[EventRounds "11"]
[EventCountry "USA"]
[SourceTitle "CB04_2024"]
[SourceDate "2023.10.16"]
[SourceVersion "1"]
[SourceVersionDate "2023.10.16"]
[SourceQuality "1"]

1. e4 e5 2. Nf3 Nc6 3. d4 exd4 4. Nxd4 Bb4+ 5. c3 Bc5 6. Be3 Bb6 7. Nf5 Bxe3 8. Nxe3 Nge7 9. Bc4 0-0 10. 0-0 d6 11. Nd2 Be6 12. Bxe6 fxe6 13. Qb3 Qc8 14. f4 Kh8 15. Rae1 Qd7 16. g3 d5 17. Nf3 Qd6 18. Ng5 Rad8 19. e5 Qd7 20. Qc2 g6 21. Ng4 Ng8 22. Qg2 Nce7 23. Ne3 Nf5 24. Nxf5 Rxf5 25. Nf3 c5 26. Rd1 Rff8 27. Qh3 Ne7 28. Ng5 Nf5 29. g4 Nd6 30. exd6 Rf6 31. Rde1 Rdf8 32. Qh6 Kg8 33. Re5 d4 34. cxd4 cxd4 35. Qh3 d3 36. Qxd3 Rxf4 37. Rxf4 Rxf4 38. h3 Rf6 39. Ne4 Rf4 40. Ng5 Rf6 41. Re1 Kg7 42. Qd4 e5 43. Qxe5 Qxd6 44. Qxd6 Rxd6 45. h4 Rd7 46. Re2 h6 47. Nf3 Rf7 48. Kg2 Rf4 49. Kg3 Rf7 50. Re6 Rc7 51. g5 hxg5 52. hxg5 Rc2 53. Re7+ Kf8 54. Rxb7 a5 55. a4 Rc4 56. b3 Re4 57. Rb5 Re3 58. Kf4 Rd3 59. Ne5 Rd4+ 60. Ke3 Rh4 61. Nxg6+ Kg7 62. Nxh4 1-0

[Event "Titled Tuesday intern op 16th Jan Early"]
[Site "Chess.com INT"]
[Date "2024.01.16"]
[Round "1"]
[White "Bazilius, Augustinas"]
[Black "Agmanov, Zhandos"]
[Result "0-1"]
[WhiteElo "2030"]
[BlackElo "2461"]
[PlyCount "128"]
[EventDate "2024.01.16"]
[EventType "swiss (blitz)"]
[EventRounds "11"]
[EventCountry "USA"]
[SourceTitle "CB04_2024"]
[SourceDate "2023.10.16"]
[SourceVersion "1"]
[SourceVersionDate "2023.10.16"]
[SourceQuality "1"]

1. d4 Nf6 2. c4 g6 3. Nc3 d5 4. cxd5 Nxd5 5. Bd2 Nxc3 6. Bxc3 Bg7 7. e4 0-0 8. Nf3 Bg4 9. Be2 c5 10. d5 Bxc3+ 11. bxc3 Qa5 12. Qd2 Nd7 13. 0-0 Rad8 14. Qg5 Bxf3 15. Bxf3 f6 16. Qd2 b5 17. Be2 Nb6 18. Rfb1 a6 19. Qe3 Na4 20. Rc1 Rfe8 21. f4 e6 22. c4 exd5 23. cxd5 Rxd5 24. Bd1 Rd4 25. Bxa4 Qxa4 26. Rxc5 Rdxe4 27. Qd2 Qd4+ 28. Qxd4 Rxd4 29. Rc7 Rxf4 30. Rd1 Kh8 31. g3 Rc4 32. Rb7 Rc5 33. Rdd7 Rh5 34. Kf2 Rxh2+ 35. Kf3 a5 36. Rxb5 Rxa2 37. Rbb7 Rh2 38. Ra7 f5 39. Rxa5 Rhe2 40. Raa7 Rh2 41. Kf4 Rh5 42. Kf3 Rb8 43. Rf7 Rh1 44. Kf4 Rc8 45. Kg5 Rh5+ 46. Kf6 Rc6+ 47. Ke5 Rc8 48. Kf4 Re8 49. Kf3 Rh2 50. Rab7 Rd8 51. Ra7 Rc8 52. Rab7 Ra8 53. Rbc7 Rh1 54. Rb7 Rh5 55. Kg2 Rc8 56. Kf3 Rd8 57. Kg2 Rg8 58. Kf3 g5 59. Rxf5 g4+ 60. Kf4 Rh1 61. Rff7 Rf1+ 62. Ke5 Re8+ 63. Kd5 Rxf7 64. Rxf7 Re3 0-1

[Event "Titled Tuesday intern op 16th Jan Early"]
[Site "Chess.com INT"]
[Date "2024.01.16"]
[Round "8"]
[White "Chen, Ryo"]
[Black "Agmanov, Zhandos"]
[Result "1/2-1/2"]
[WhiteElo "2331"]
[BlackElo "2461"]
[PlyCount "94"]
[EventDate "2024.01.16"]
[EventType "swiss (blitz)"]
[EventRounds "11"]
[EventCountry "USA"]
[SourceTitle "CB04_2024"]
[SourceDate "2023.10.16"]
[SourceVersion "1"]
[SourceVersionDate "2023.10.16"]
[SourceQuality "1"]

1. e4 e5 2. Nf3 Nc6 3. Bb5 Nf6 4. d3 Bc5 5. Bxc6 dxc6 6. 0-0 Bd6 7. Nbd2 Qe7 8. Nc4 h6 9. a4 a5 10. Bd2 b6 11. Bc3 Bg4 12. h3 Bh5 13. g4 Nxg4 14. hxg4 Bxg4 15. Ne3 Bh5 16. Kg2 Qf6 17. Rh1 g6 18. Nc4 0-0-0 19. Qe2 Qf4 20. Rh3 Bg4 21. Rg3 h5 22. Bd2 Bxf3+ 23. Qxf3 Qxf3+ 24. Rxf3 Rdf8 25. Bg5 f5 26. Nxd6+ cxd6 27. Be7 Re8 28. Bxd6 c5 29. exf5 Kd7 30. fxg6 Kxd6 31. Rf6+ Re6 32. Rxe6+ Kxe6 33. Kf3 Kf6 34. Rg1 Rg8 35. Rh1 Rh8 36. Ke4 h4 37. g7 Kxg7 38. Kxe5 Kg6 39. Kf4 Kh5 40. Kf3 Rf8+ 41. Kg2 Kg4 42. Rh3 Rxf2+ 43. Kxf2 Kxh3 44. Kf3 Kh2 45. Kf2 Kh3 46. Kf3 Kh2 47. Kf2 Kh3 1/2-1/2

[Event "Wch Blitz"]
[Site "Samarkand"]
[Date "2023.12.30"]
[Round "17"]
[White "Agmanov, Zhandos"]
[Black "Drazic, Sinisa"]
[Result "1-0"]
[WhiteElo "2460"]
[BlackElo "2264"]
[PlyCount "126"]
[EventDate "2023.12.29"]
[EventType "swiss (blitz)"]
[EventRounds "21"]
[EventCountry "UZB"]
[SourceTitle "CB01_2024"]
[SourceDate "2024.01.03"]
[SourceVersion "1"]
[SourceVersionDate "2024.01.03"]
[SourceQuality "1"]

1. e4 c5 2. Nf3 h6 3. d4 cxd4 4. Nxd4 Nf6 5. Nc3 e5 6. Nb3 Bb4 7. Bd3 d5 8. exd5 Nxd5 9. Bd2 Nxc3 10. bxc3 Bd6 11. 0-0 0-0 12. Qh5 Qf6 13. Be3 Nc6 14. Nd2 Qe6 15. Ne4 Be7 16. Qe2 b6 17. Ng3 Qg4 18. f3 Qh4 19. Rad1 Qf6 20. Ne4 Qe6 21. Bc4 Qf5 22. Ng3 Qg6 23. Bd3 f5 24. Bc4+ Be6 25. Bf2 Rac8 26. Bb5 Qf6 27. Rfe1 Bf7 28. Rd7 Rfd8 29. Red1 Rxd7 30. Rxd7 Be6 31. Rd1 Kh8 32. a4 Na5 33. Re1 Bd6 34. f4 e4 35. Bd4 Qf7 36. Rd1 Bxf4 37. Nh5 Bg5 38. Nxg7 Kh7 39. Nxe6 Qxe6 40. Qh5 Rc7 41. Be8 Re7 42. Bb5 Qg6 43. Qe2 Qe6 44. Bf2 f4 45. Qh5 Qg6 46. Qg4 Kg7 47. Bd4+ Kh7 48. h4 Bf6 49. Qxg6+ Kxg6 50. Rf1 Bxd4+ 51. cxd4 Kf5 52. Kh2 Rc7 53. d5 Rxc2 54. d6 Rd2 55. d7 f3 56. Kh3 Kf4 57. gxf3 exf3 58. Rf2 Rd6 59. Rf1 Ke3 60. Re1+ Kf4 61. Re8 Nb7 62. Rb8 Rd1 63. Kh2 Rd2+ 1-0

[Event "Wch Blitz"]
[Site "Samarkand"]
[Date "2023.12.30"]
[Round "20"]
[White "Dardha, Daniel"]
[Black "Agmanov, Zhandos"]
[Result "1-0"]
[WhiteElo "2598"]
[BlackElo "2460"]
[PlyCount "111"]
[EventDate "2023.12.29"]
[EventType "swiss (blitz)"]
[EventRounds "21"]
[EventCountry "UZB"]
[SourceTitle "CB01_2024"]
[SourceDate "2024.01.03"]
[SourceVersion "1"]
[SourceVersionDate "2024.01.03"]
[SourceQuality "1"]

1. e4 e6 2. Qg4 d5 3. d3 Nf6 4. Qe2 Be7 5. Nf3 0-0 6. g3 c5 7. Bg2 Nc6 8. 0-0 Qc7 9. a4 b6 10. Bf4 e5 11. exd5 exf4 12. dxc6 fxg3 13. hxg3 Bd6 14. Nc3 a6 15. Ng5 Bg4 16. Qd2 Rad8 17. Rfe1 Be5 18. Nge4 Nxe4 19. Rxe4 f5 20. Nd5 Rxd5 21. Rxg4 Rd6 22. Rc4 f4 23. gxf4 Bxb2 24. Rb1 Bd4 25. c3 Bf6 26. a5 b5 27. Rxc5 Be7 28. Qe3 Rg6 29. Re5 Qxc6 30. Qe4 Qxe4 31. Rxe4 Bd6 32. c4 bxc4 33. Rxc4 Bxf4 34. Rb6 Bd2 35. Kf1 Rgf6 36. Bd5+ Kh8 37. Rxf6 gxf6 38. Rc6 Bxa5 39. Rxa6 Bc3 40. Ke2 Re8+ 41. Kf3 Re7 42. Rc6 Bd4 43. Be4 Kg7 44. Rc4 Be5 45. d4 Bd6 46. Rc6 Bc7 47. d5 Be5 48. Bf5 Ra7 49. d6 Ra3+ 50. Kg2 Bxd6 51. Rxd6 h5 52. Rd7+ Kh6 53. f4 Ra2+ 54. Kf1 Ra1+ 55. Ke2 Ra2+ 56. Kd1 1-0

[Event "Wch Blitz"]
[Site "Samarkand"]
[Date "2023.12.30"]
[Round "12"]
[White "Turayev, Shahruh"]
[Black "Agmanov, Zhandos"]
[Result "0-1"]
[WhiteElo "2183"]
[BlackElo "2460"]
[PlyCount "188"]
[EventDate "2023.12.29"]
[EventType "swiss (blitz)"]
[EventRounds "21"]
[EventCountry "UZB"]
[SourceTitle "CB01_2024"]
[SourceDate "2024.01.03"]
[SourceVersion "1"]
[SourceVersionDate "2024.01.03"]
[SourceQuality "1"]

1. e4 e6 2. d4 d5 3. e5 c5 4. Nf3 Nc6 5. Bd3 cxd4 6. 0-0 Be7 7. Re1 g5 8. Bf1 Bd7 9. Nxd4 Nxd4 10. Qxd4 Rc8 11. c4 dxc4 12. Nc3 Bc6 13. Qxa7 b5 14. Ne4 Bxe4 15. Rxe4 Qd5 16. Re1 Nh6 17. Be3 Ra8 18. Qd4 Qxd4 19. Bxd4 Nf5 20. Bc3 0-0 21. a3 Bc5 22. Rad1 Rfd8 23. g3 Nd4 24. Bg2 Ne2+ 25. Kf1 Nxc3 26. Rxd8+ Rxd8 27. bxc3 Bxa3 28. Rb1 Rb8 29. Ke2 b4 30. cxb4 Bxb4 31. Be4 Rb5 32. f4 Kg7 33. Kf3 h6 34. Bc2 Rb8 35. Ke4 c3 36. f5 exf5+ 37. Kxf5 Rb6 38. h4 gxh4 39. gxh4 Kf8 40. h5 Ke7 41. Rb3 f6 42. e6 Rb5+ 43. Kg6 Kxe6 44. Kxh6 Bf8+ 45. Kg6 Rg5+ 46. Kh7 Rxh5+ 47. Kg8 Bd6 48. Rxc3 f5 49. Re3+ Be5 50. Bb3+ Kf6 51. Rf3 f4 52. Bd5 Rg5+ 53. Kh7 Rg7+ 54. Kh6 Rd7 55. Rd3 Rg7 56. Kh5 Rg1 57. Be4 Re1 58. Bf3 Kf5 59. Bg4+ Ke4 60. Rb3 Rh1+ 61. Kg5 Rg1 62. Kh5 Bd4 63. Bf3+ Ke5 64. Rb5+ Kf6 65. Be4 Be5 66. Rb6+ Ke7 67. Bd5 Bd6 68. Be4 Re1 69. Bf3 Rg1 70. Be4 Rg3 71. Ra6 Ke6 72. Ra5 Be5 73. Ra6+ Bd6 74. Ra5 Re3 75. Bd5+ Kf6 76. Kg4 Rg3+ 77. Kh4 Rg5 78. Rb5 f3 79. Bc4 Rg1 80. Bd3 f2 81. Rg5 Ke7 82. Rf5 Bc5 83. Rf3 Ke6 84. Kh3 Ke5 85. Bb5 Bd4 86. Rf7 Ke4 87. Bc6+ Ke3 88. Bb5 Rh1+ 89. Kg2 Rg1+ 90. Kh3 Rg5 91. Ba6 Rg6 92. Bb5 Bf6 93. Bc4 Kf3 94. Bd3 Rh6# 0-1

[Event "Wch Blitz"]
[Site "Samarkand"]
[Date "2023.12.29"]
[Round "4"]
[White "Aravindh, Chithambaram VR"]
[Black "Agmanov, Zhandos"]
[Result "1-0"]
[WhiteElo "2646"]
[BlackElo "2460"]
[PlyCount "53"]
[EventDate "2023.12.29"]
[EventType "swiss (blitz)"]
[EventRounds "21"]
[EventCountry "UZB"]
[SourceTitle "CB01_2024"]
[SourceDate "2024.01.03"]
[SourceVersion "1"]
[SourceVersionDate "2024.01.03"]
[SourceQuality "1"]

1. e4 e6 2. d4 d5 3. Nd2 c5 4. Ngf3 cxd4 5. Nxd4 Nc6 6. Nxc6 bxc6 7. Bd3 Bd6 8. Qe2 Qc7 9. c4 Nf6 10. cxd5 cxd5 11. Bb5+ Kf8 12. exd5 Nxd5 13. Nf3 Nf4 14. Bxf4 Bxf4 15. 0-0 Bb7 16. Rfd1 Bd5 17. g3 Bd6 18. Rac1 Qb6 19. Bc4 Bxf3 20. Qxf3 Re8 21. Bb3 Be5 22. Rd7 Bf6 23. Rcc7 Be7 24. Rxa7 g6 25. Ba4 Qxb2 26. Kg2 Qb4 27. Rdb7 1-0

[Event "Wch Blitz"]
[Site "Samarkand"]
[Date "2023.12.29"]
[Round "6"]
[White "Henriquez Villagra, Cristobal"]
[Black "Agmanov, Zhandos"]
[Result "1/2-1/2"]
[WhiteElo "2607"]
[BlackElo "2460"]
[PlyCount "185"]
[EventDate "2023.12.29"]
[EventType "swiss (blitz)"]
[EventRounds "21"]
[EventCountry "UZB"]
[SourceTitle "CB01_2024"]
[SourceDate "2024.01.03"]
[SourceVersion "1"]
[SourceVersionDate "2024.01.03"]
[SourceQuality "1"]

1. d4 d5 2. Nf3 Nf6 3. e3 e6 4. Bd3 c5 5. b3 Nc6 6. 0-0 cxd4 7. exd4 Bd6 8. Bb2 0-0 9. Re1 b6 10. Ne5 Ne7 11. Qf3 Bb7 12. Nd2 Rc8 13. Re2 Ng6 14. Nxg6 hxg6 15. g3 Qc7 16. Qg2 Bb4 17. Nf3 Rfe8 18. h4 Ne4 19. Qh3 Qe7 20. a3 Bc3 21. Bxc3 Rxc3 22. Ne5 Qf6 23. h5 gxh5 24. Qxh5 g6 25. Qh6 Qg5 26. Qh3 Nf6 27. Qh8+ Kxh8 28. Nxf7+ Kg7 29. Nxg5 Ne4 30. Nf3 Rc7 31. Kg2 Rh8 32. Rh1 Rxh1 33. Kxh1 Kf6 34. Kg2 Nc3 35. Re1 Bc6 36. a4 b5 37. a5 b4 38. Ne5 Bb5 39. Bxg6 Ba6 40. Bd3 Bxd3 41. Nxd3 Nb5 42. Nxb4 Nxd4 43. Rc1 Nxb3 44. Rd1 Nxa5 45. Rxd5 Nc4 46. Rb5 a5 47. Na2 a4 48. Rb4 a3 49. Rb3 Ke5 50. Rc3 Kd4 51. g4 Rb7 52. Rd3+ Kc5 53. Nc3 Ra7 54. Na2 Rb7 55. Rb3 Rd7 56. Kg3 Rd1 57. Nc3 Ra1 58. Rb5+ Kc6 59. Rb4 Kc5 60. Ra4 Kd4 61. Ne2+ Kc5 62. Nc3 Kd4 63. Ne2+ Kc5 64. g5 Nb6 65. Ra5+ Kb4 66. Ra6 Kb5 67. Ra7 Re1 68. Nc3+ Kb4 69. Na2+ Kc4 70. Rxa3 Rg1+ 71. Kh4 Nd5 72. Rg3 Rh1+ 73. Kg4 Ra1 74. Ra3 Rg1+ 75. Kh5 Kd4 76. Nb4 Nf4+ 77. Kh6 Ke4 78. f3+ Kf5 79. Ra5+ e5 80. Nc6 Rh1+ 81. Kg7 Ne6+ 82. Kg8 Nxg5 83. Nxe5 Kf4 84. Ng6+ Kxf3 85. Rxg5 Rc1 86. Rc5 Ke3 87. Rc6 Kd2 88. c4 Kd3 89. Rc8 Kd4 90. Rd8+ Ke4 91. Rc8 Kd4 92. Rd8+ Ke4 93. Rc8 1/2-1/2

[Event "Wch Blitz"]
[Site "Samarkand"]
[Date "2023.12.29"]
[Round "9"]
[White "Lazavik, Denis"]
[Black "Agmanov, Zhandos"]
[Result "1-0"]
[WhiteElo "2566"]
[BlackElo "2460"]
[PlyCount "56"]
[EventDate "2023.12.29"]
[EventType "swiss (blitz)"]
[EventRounds "21"]
[EventCountry "UZB"]
[SourceTitle "CB01_2024"]
[SourceDate "2024.01.03"]
[SourceVersion "1"]
[SourceVersionDate "2024.01.03"]
[SourceQuality "1"]

1. d4 d5 2. c4 e6 3. Nf3 Nf6 4. g3 Bb4+ 5. Bd2 Be7 6. Bg2 0-0 7. Qc2 c6 8. Bf4 Nbd7 9. Nbd2 Nh5 10. Be3 Nhf6 11. Rc1 b6 12. 0-0 Bb7 13. Rfd1 Rc8 14. Ne5 Nxe5 15. dxe5 Ng4 16. Bd4 c5 17. Bc3 Qc7 18. cxd5 exd5 19. Nf3 d4 20. Bxd4 Bxf3 21. Bxf3 Nxe5 22. Bg2 Bf6 23. Bc3 Rcd8 24. h3 Qe7 25. e3 Nd7 26. Be1 g6 27. b3 Bg7 28. Rd2 Ne5 1-0

[Event "Wch Rapid"]
[Site "Samarkand"]
[Date "2023.12.28"]
[Round "12"]
[White "Agmanov, Zhandos"]
[Black "Akhmedov, David"]
[Result "0-1"]
[WhiteElo "2460"]
[BlackElo "2244"]
[PlyCount "126"]
[EventDate "2023.12.26"]
[EventType "swiss (rapid)"]
[EventRounds "13"]
[EventCountry "UZB"]
[SourceTitle "CB01_2024"]
[SourceDate "2024.01.03"]
[SourceVersion "1"]
[SourceVersionDate "2024.01.03"]
[SourceQuality "1"]

1. e4 c5 2. Nf3 d6 3. d4 cxd4 4. Nxd4 Nf6 5. Nc3 a6 6. Be3 e5 7. Nb3 Be6 8. h3 Nbd7 9. g4 h6 10. Qd3 Rc8 11. 0-0-0 b5 12. f4 Qc7 13. f5 Bc4 14. Qd2 b4 15. Nd5 Nxd5 16. exd5 Bxf1 17. Rhxf1 a5 18. Kb1 a4 19. Nc1 Rb8 20. h4 a3 21. g5 hxg5 22. hxg5 axb2 23. Nb3 Rh4 24. f6 gxf6 25. gxf6 Rc8 26. Rde1 Qc3 27. Qf2 Re4 28. Re2 Qc4 29. Rfe1 Nxf6 30. Qxf6 Rxe3 31. Qf5 Rxe2 32. Rxe2 Rc7 33. Qf3 Qc3 34. Qg2 Rc4 35. Rd2 Qe3 36. Kxb2 Qe4 37. Qg1 Be7 38. Qg8+ Bf8 39. Qg1 Rc7 40. Na5 Bh6 41. Rd3 Rxc2+ 42. Kxc2 Qe2+ 43. Kb3 Qxd3+ 44. Ka4 Qxd5 45. Qh2 Bg5 46. Nb3 Qc4 47. Qg2 Bd8 48. Qb7 d5 49. Qb8 f6 50. Qd6 Be7 51. Qe6 Kf8 52. Na5 Qxa2+ 53. Kb5 Qc2 54. Qxd5 e4 55. Qh5 Qc5+ 56. Qxc5 Bxc5 57. Kc4 f5 58. Nb3 Bd6 59. Nd4 f4 60. Nf5 f3 61. Kd4 f2 62. Ne3 Bc5+ 63. Kxc5 b3 0-1

[Event "Wch Rapid"]
[Site "Samarkand"]
[Date "2023.12.27"]
[Round "6"]
[White "Lysyj, Igor"]
[Black "Agmanov, Zhandos"]
[Result "1-0"]
[WhiteElo "2589"]
[BlackElo "2460"]
[PlyCount "123"]
[EventDate "2023.12.26"]
[EventType "swiss (rapid)"]
[EventRounds "13"]
[EventCountry "UZB"]
[SourceTitle "CB01_2024"]
[SourceDate "2024.01.03"]
[SourceVersion "1"]
[SourceVersionDate "2024.01.03"]
[SourceQuality "1"]

1. d4 d5 2. c4 e6 3. Nc3 Nf6 4. cxd5 exd5 5. Bf4 Bd6 6. Bxd6 Qxd6 7. e3 Bf5 8. Nf3 c6 9. Nh4 Be4 10. f3 Bg6 11. e4 dxe4 12. Nxg6 hxg6 13. fxe4 Qb4 14. a3 Qe7 15. Bc4 Nbd7 16. Qf3 c5 17. dxc5 Qxc5 18. Qe2 Rc8 19. Ba2 0-0 20. Qf2 Qxf2+ 21. Kxf2 Nc5 22. Rad1 Ncxe4+ 23. Nxe4 Nxe4+ 24. Kf3 Ng5+ 25. Kg4 Nh7 26. Rd2 Rfe8 27. Rhd1 Rc5 28. g3 Nf6+ 29. Kf3 Ne4 30. Rd8 Ng5+ 31. Kf4 Rf5+ 32. Kg4 Kf8 33. Rxe8+ Kxe8 34. Rd5 Ne4 35. Rxf5 gxf5+ 36. Kxf5 Nc5 37. Bc4 Ke7 38. b4 Nd7 39. h4 g6+ 40. Kf4 b6 41. g4 Nf6 42. Bb3 a5 43. bxa5 bxa5 44. Bc4 Nd7 45. h5 gxh5 46. gxh5 Kf6 47. Ke4 Ne5 48. Be2 Ke6 49. h6 f5+ 50. Kd4 Kf6 51. h7 Ng6 52. Kc5 Kg7 53. Kb5 Nf4 54. Bc4 Ng6 55. Kxa5 Ne5 56. Bf1 Nf3 57. a4 f4 58. Kb5 Nd4+ 59. Kc4 Nc6 60. Kc5 Na5 61. Bg2 Kxh7 62. Kb4 1-0

[Event "Wch Rapid"]
[Site "Samarkand"]
[Date "2023.12.26"]
[Round "5"]
[White "Agmanov, Zhandos"]
[Black "Xiu, Deshun"]
[Result "1/2-1/2"]
[WhiteElo "2460"]
[BlackElo "2510"]
[PlyCount "53"]
[EventDate "2023.12.26"]
[EventType "swiss (rapid)"]
[EventRounds "13"]
[EventCountry "UZB"]
[SourceTitle "CB01_2024"]
[SourceDate "2024.01.03"]
[SourceVersion "1"]
[SourceVersionDate "2024.01.03"]
[SourceQuality "1"]

1. e4 e5 2. Nf3 Nc6 3. Bb5 Nf6 4. 0-0 Nxe4 5. Re1 Nd6 6. Nxe5 Be7 7. Bf1 Nxe5 8. Rxe5 0-0 9. d4 Bf6 10. Re1 Re8 11. Bf4 Rxe1 12. Qxe1 Ne8 13. c3 d5 14. Bd3 g6 15. Nd2 Ng7 16. Qe2 c6 17. Nb3 Bf5 18. Bxf5 Nxf5 19. Nc5 b6 20. Nd3 Qe7 21. Qxe7 Bxe7 22. Re1 Bf8 23. Kf1 Rc8 24. Ne5 f6 25. Nd7 Kf7 26. g4 Ng7 27. Nxf8 1/2-1/2

[Event "KAZ-ch"]
[Site "Astana"]
[Date "2023.12.20"]
[Round "10"]
[White "Agmanov, Zhandos"]
[Black "Kazhgaleyev, Murtas"]
[Result "1-0"]
[WhiteElo "2460"]
[BlackElo "2490"]
[PlyCount "81"]
[EventDate "2023.12.13"]
[EventType "tourn"]
[EventRounds "13"]
[EventCountry "KAZ"]
[EventCategory "6"]
[SourceTitle "CB52_2023"]
[SourceDate "2023.12.27"]
[SourceVersion "1"]
[SourceVersionDate "2023.12.27"]
[SourceQuality "1"]

1. e4 e5 2. Nf3 Nc6 3. Bb5 a6 4. Ba4 Nf6 5. 0-0 d6 6. Re1 Bd7 7. c3 g6 8. d4 Bg7 9. h3 0-0 10. Bc2 Re8 11. a4 exd4 12. cxd4 Nb4 13. Nc3 Nxc2 14. Qxc2 c5 15. dxc5 dxc5 16. Be3 Qa5 17. Nd2 Be6 18. f4 c4 19. Nf3 Rad8 20. Rad1 Rxd1 21. Rxd1 Bh6 22. Qd2 Bg7 23. Ng5 h6 24. Nf3 Nd7 25. f5 gxf5 26. Bxh6 Bf6 27. Qf2 f4 28. Bxf4 Nf8 29. Be3 Ng6 30. Bd4 Be7 31. Bb6 Qb4 32. a5 Bf8 33. Nd5 Bxd5 34. exd5 Qa4 35. Rf1 Qd7 36. Qd4 Bg7 37. Qxc4 Bxb2 38. Ng5 Rf8 39. Qe2 Qxd5 40. Qh5 Bd4+ 41. Kh1 1-0

[Event "KAZ-ch"]
[Site "Astana"]
[Date "2023.12.16"]
[Round "5"]
[White "Agmanov, Zhandos"]
[Black "Tkachyov, Adil"]
[Result "1-0"]
[WhiteElo "2460"]
[BlackElo "2078"]
[PlyCount "65"]
[EventDate "2023.12.13"]
[EventType "tourn"]
[EventRounds "13"]
[EventCountry "KAZ"]
[EventCategory "6"]
[SourceTitle "CB52_2023"]
[SourceDate "2023.12.27"]
[SourceVersion "1"]
[SourceVersionDate "2023.12.27"]
[SourceQuality "1"]

1. e4 c5 2. Nf3 g6 3. c3 d5 4. exd5 Qxd5 5. d4 Nc6 6. Be3 Bg7 7. dxc5 Qxd1+ 8. Kxd1 Nf6 9. Nbd2 Nd5 10. Bc4 Be6 11. Ke2 0-0 12. Rhd1 Rfd8 13. Rac1 Rac8 14. Bb5 Na5 15. Bd3 h6 16. Nd4 Nxe3 17. fxe3 Bg4+ 18. N4f3 Nc6 19. b4 a5 20. a3 axb4 21. axb4 Ra8 22. h3 Ne5 23. Be4 Bc8 24. Nd4 Ra3 25. Ra1 Rxa1 26. Rxa1 f5 27. Bc2 Nc6 28. Bb3+ Kh7 29. b5 Nxd4+ 30. exd4 Bd7 31. Bc4 Rc8 32. Ra7 e5 33. Rxb7 1-0

[Event "KAZ-ch"]
[Site "Astana"]
[Date "2023.12.14"]
[Round "2"]
[White "Suleymenov, Alisher"]
[Black "Agmanov, Zhandos"]
[Result "1-0"]
[WhiteElo "2513"]
[BlackElo "2460"]
[PlyCount "61"]
[EventDate "2023.12.13"]
[EventType "tourn"]
[EventRounds "13"]
[EventCountry "KAZ"]
[EventCategory "6"]
[SourceTitle "CB52_2023"]
[SourceDate "2023.12.27"]
[SourceVersion "1"]
[SourceVersionDate "2023.12.27"]
[SourceQuality "1"]

1. d4 d5 2. c4 e6 3. Nf3 Nf6 4. g3 Bb4+ 5. Bd2 a5 6. a3 Be7 7. Qc2 0-0 8. Nc3 Nbd7 9. cxd5 exd5 10. Bf4 c6 11. e3 Re8 12. Nb5 cxb5 13. Bc7 Bb4+ 14. axb4 Qe7 15. bxa5 Ne4 16. Qb3 Ndc5 17. dxc5 Qxc7 18. Qxb5 Bg4 19. Bg2 Qxc5 20. Qxc5 Nxc5 21. Ra3 Bf5 22. 0-0 Be4 23. b4 Ne6 24. Rc1 g6 25. Nd4 Nxd4 26. exd4 Bxg2 27. Kxg2 Re4 28. Rc7 Rb8 29. Rf3 f5 30. Rd3 Re2 31. Rdc3 1-0

[Event "Pardubice Czech op-A 34th"]
[Site "Pardubice"]
[Date "2023.07.29"]
[Round "9"]
[White "Gretarsson, Helgi Ass"]
[Black "Agmanov, Zhandos"]
[Result "0-1"]
[WhiteElo "2475"]
[BlackElo "2430"]
[PlyCount "82"]
[EventDate "2023.07.21"]
[EventType "swiss"]
[EventRounds "9"]
[EventCountry "CZE"]
[SourceTitle "CBM 215 Extra"]
[Source "ChessBase"]
[SourceDate "2023.09.30"]
[SourceVersion "1"]
[SourceVersionDate "2023.09.30"]
[SourceQuality "1"]

1. d4 Nf6 2. c4 e6 3. Nf3 d5 4. Nc3 Bb4 5. cxd5 exd5 6. Bg5 h6 7. Bh4 0-0 8. e3 Bf5 9. Qb3 Bxc3+ 10. bxc3 Nbd7 11. Be2 c5 12. 0-0 c4 13. Qxb7 Qa5 14. Qb4 Qxb4 15. cxb4 Rfb8 16. a3 a5 17. Bg3 Rb7 18. Ne5 Nxe5 19. Bxe5 Ne4 20. g4 Be6 21. f3 Nd2 22. Rfe1 axb4 23. axb4 Rxa1 24. Rxa1 Rxb4 25. Ra2 Rb1+ 26. Kf2 Nb3 27. Ra8+ Kh7 28. Ra7 Rb2 29. Kf1 Nc1 30. Bd1 Rd2 31. Ba4 Ra2 32. Bb8 c3 33. Bd1 c2 34. Bxc2+ Rxc2 35. Ra3 Na2 36. Bd6 Nc3 37. Rb3 Na4 38. Ke1 Nb2 39. Bg3 Nc4 40. Kd1 Ra2 41. Rc3 Nd2 0-1

[Event "Astana Zhuldyzdary op-A"]
[Site "Astana"]
[Date "2023.07.13"]
[Round "4"]
[White "Bizhigitov, Zhangir"]
[Black "Agmanov, Zhandos"]
[Result "1/2-1/2"]
[WhiteElo "2255"]
[BlackElo "2430"]
[PlyCount "74"]
[EventDate "2023.07.11"]
[EventType "swiss"]
[EventRounds "10"]
[EventCountry "KAZ"]
[SourceTitle "CBM 215 Extra"]
[Source "ChessBase"]
[SourceDate "2023.09.30"]
[SourceVersion "1"]
[SourceVersionDate "2023.09.30"]
[SourceQuality "1"]

1. e4 e5 2. Nf3 Nc6 3. Bb5 a6 4. Ba4 Nf6 5. 0-0 Bc5 6. c3 b5 7. Bb3 d6 8. a4 Bg4 9. d3 0-0 10. Nbd2 Qd7 11. h3 Bh5 12. Re1 Na5 13. Bc2 b4 14. Nf1 b3 15. Bb1 Rfe8 16. Ng3 Bg6 17. d4 Bb6 18. Bg5 Nh5 19. Nxh5 Bxh5 20. Nxe5 dxe5 21. Qxh5 exd4 22. e5 d3 23. Rd1 Bxf2+ 24. Kxf2 Qf5+ 25. Kg1 h6 26. Bxd3 Qxg5 27. Qxg5 hxg5 28. Re1 g6 29. Rad1 Re6 30. Bf1 Rae8 31. Rd7 Rxe5 32. Rxe5 Rxe5 33. Bxa6 Re1+ 34. Kf2 Rb1 35. Rd2 Ra1 36. Ke3 Rxa4 37. Bb5 Ra2 1/2-1/2